[Event "Satka Autumn op (Women)"]
[Site "Satka"]
[Date "2012.09.24"]
[Round "4"]
[White "Trubitsyna, Yulia"]
[Black "Mirzaeva, Gulnara"]
[Result "1-0"]
[WhiteElo "2048"]
[BlackElo "1780"]
[PlyCount "29"]
[EventDate "2012.09.20"]
[EventType "swiss"]
[EventRounds "9"]
[EventCountry "RUS"]
[SourceTitle "CBM 150 Extra"]
[Source "ChessBase"]
[SourceDate "2012.10.19"]
[SourceVersion "1"]
[SourceVersionDate "2012.10.19"]
[SourceQuality "1"]

1. g3 g6 2. Bg2 Bg7 3. Nf3 d6 4. 0-0 e5 5. e4 Ne7 6. c3 0-0 7. d4 f5 8. Qb3+ Kh8 9. Ng5 d5 10. exd5 h6 11. Ne6 Bxe6 12. dxe6 Nbc6 13. d5 Na5 14. Qa4 c6 15. d6 1-0

[Event "Satka Autumn op (Women)"]
[Site "Satka"]
[Date "2012.09.23"]
[Round "3"]
[White "Buldakova, Irina"]
[Black "Trubitsyna, Yulia"]
[Result "1/2-1/2"]
[WhiteElo "1754"]
[BlackElo "2048"]
[PlyCount "76"]
[EventDate "2012.09.20"]
[EventType "swiss"]
[EventRounds "9"]
[EventCountry "RUS"]
[SourceTitle "CBM 150 Extra"]
[Source "ChessBase"]
[SourceDate "2012.10.19"]
[SourceVersion "1"]
[SourceVersionDate "2012.10.19"]
[SourceQuality "1"]

1. e4 d6 2. d4 Nf6 3. Nc3 g6 4. f4 Bg7 5. Nf3 0-0 6. Bd3 Na6 7. a3 c5 8. Bxa6 cxd4 9. Nxd4 bxa6 10. 0-0 Qb6 11. Na4 Qa5 12. Nc3 Bb7 13. Re1 Rad8 14. Kh1 Qc7 15. f5 Qc4 16. Nf3 d5 17. exd5 Nxd5 18. Qe2 Qc8 19. Nxd5 Rxd5 20. fxg6 hxg6 21. Qxe7 Rc5 22. c3 Rf5 23. Qe2 Qa8 24. Nh4 Rh5 25. Nf3 Qb8 26. Be3 Bxf3 27. gxf3 Be5 28. Bg1 Kg7 29. Rf1 Re8 30. Qc2 Reh8 31. Rf2 Qb7 32. Qe4 Qc7 33. Qc2 Qc4 34. Qe4 Qc7 35. Qc2 Qc4 36. Qe4 Qc7 37. Qc2 Qc4 38. Qe4 Qc7 1/2-1/2

[Event "RUS-chT (Women) 13th"]
[Site "Sochi"]
[Date "2012.04.14"]
[Round "6"]
[White "Nebolsina, Vera"]
[Black "Trubitsyna, Yulia"]
[Result "1-0"]
[WhiteElo "2256"]
[BlackElo "2060"]
[PlyCount "65"]
[EventDate "2012.04.09"]
[EventType "team-tourn"]
[EventRounds "7"]
[EventCountry "RUS"]
[SourceTitle "CBM 147 Extra"]
[Source "ChessBase"]
[SourceDate "2012.04.24"]
[SourceVersion "1"]
[SourceVersionDate "2012.04.24"]
[SourceQuality "1"]
[WhiteTeam "Yamal (W)"]
[BlackTeam "Nizhny Tagil Politekhnik (W)"]
[WhiteTeamCountry "RUS"]
[BlackTeamCountry "RUS"]

1. d4 Nf6 2. c4 g6 3. Nc3 Bg7 4. e4 d6 5. Nf3 0-0 6. h3 e5 7. d5 c6 8. Bg5 Qc7 9. Qd2 Nbd7 10. Bd3 a6 11. dxc6 bxc6 12. Bc2 Nb6 13. b3 d5 14. Bxf6 Bxf6 15. c5 Nd7 16. Na4 Bg7 17. 0-0 dxe4 18. Bxe4 Nf6 19. Bc2 e4 20. Nd4 Rd8 21. Rad1 Bxh3 22. gxh3 Rxd4 23. Qxd4 Qf4 24. Qe3 Qe5 25. Nb6 Re8 26. Nd7 Nxd7 27. Rxd7 f5 28. f4 Qb2 29. Bd3 Kh8 30. Bc4 Qxa2 31. Rfd1 Bf6 32. Rf7 Qb2 33. Qd2 1-0

[Event "RUS-ch (Women) 1st League 61st"]
[Site "Ivanovo"]
[Date "2011.03.01"]
[Round "9"]
[White "Trubitsyna, Yulia"]
[Black "Murashova, Ekaterina"]
[Result "0-1"]
[WhiteElo "2091"]
[BlackElo "2275"]
[PlyCount "80"]
[EventDate "2011.02.21"]
[EventType "swiss"]
[EventRounds "9"]
[EventCountry "RUS"]
[SourceTitle "CBM 141 Extra"]
[Source "ChessBase"]
[SourceDate "2011.05.03"]
[SourceVersion "1"]
[SourceVersionDate "2011.05.03"]
[SourceQuality "1"]

1. g3 g6 2. Bg2 Bg7 3. d3 d6 4. c4 e5 5. Nc3 Ne7 6. e3 0-0 7. Nge2 c6 8. 0-0 Be6 9. b3 d5 10. Ba3 Re8 11. cxd5 Nxd5 12. Na4 Qc7 13. Rc1 Rd8 14. Qe1 a5 15. d4 Na6 16. Nec3 Ndb4 17. Qe2 exd4 18. exd4 Qd7 19. Bb2 Nd5 20. Nc5 Nxc5 21. dxc5 Nxc3 22. Bxc3 Bxc3 23. Rxc3 Qd2 24. Rc2 Qxe2 25. Rxe2 a4 26. Re3 Rd2 27. b4 Rxa2 28. b5 Bc4 29. bxc6 bxc6 30. Bxc6 Bxf1 31. Bxa8 Bh3 32. Re1 Rc2 33. c6 a3 34. g4 Bxg4 35. h4 Be6 36. Ra1 a2 37. Kg2 Rb2 38. Bb7 Rb1 39. Rxa2 Bxa2 40. c7 Be6 0-1

[Event "RUS Cup tt (Women)"]
[Site "Izhevsk"]
[Date "2010.11.24"]
[Round "5"]
[White "Semenova, Elena"]
[Black "Trubitsyna, Yulia"]
[Result "0-1"]
[WhiteElo "2135"]
[BlackElo "2050"]
[PlyCount "156"]
[EventDate "2010.11.20"]
[EventType "team-tourn"]
[EventRounds "5"]
[EventCountry "RUS"]
[SourceTitle "CBM 139 Extra"]
[Source "ChessBase"]
[SourceDate "2011.01.05"]
[SourceVersion "1"]
[SourceVersionDate "2011.01.05"]
[SourceQuality "1"]

1. e4 d6 2. d4 Nf6 3. Nc3 g6 4. f4 Bg7 5. Nf3 0-0 6. Bd3 Na6 7. 0-0 c5 8. d5 Nc7 9. Kh1 Rb8 10. a4 a6 11. a5 Nb5 12. Bxb5 axb5 13. e5 Ne8 14. Nxb5 Bg4 15. exd6 exd6 16. Ra2 Ra8 17. Bd2 b6 18. b4 cxb4 19. a6 Qd7 20. Qe2 Nf6 21. Nbd4 Nxd5 22. Qc4 Nc3 23. Bxc3 bxc3 24. Rb1 Bxf3 25. Nxf3 d5 26. Qb5 Qf5 27. Rb4 Rfb8 28. Qc6 Bf8 29. Rxb6 Qxf4 30. Ra1 Rd8 31. Qf6 Qxf6 32. Rxf6 d4 33. Ne1 Kg7 34. Rc6 Re8 35. Kg1 Be7 36. Kf1 h5 37. Ra4 Bf6 38. Nf3 Re4 39. Rd6 h4 40. Rd7 h3 41. g3 g5 42. Ra5 g4 43. Ne1 Kg6 44. Nd3 Bd8 45. Rad5 Bg5 46. a7 f6 47. Rb7 Be3 48. Rdd7 Ree8 49. Nc5 Bd2 50. Re7 Rec8 51. Rbc7 Rh8 52. Nd7 d3 53. cxd3 Rxa7 54. Rxa7 c2 55. Rc7 c1Q+ 56. Rxc1 Bxc1 57. Re4 Kg5 58. Rc4 Ba3 59. Ra4 Be7 60. Re4 Ba3 61. Nb6 Rb8 62. Nc4 Bc5 63. d4 Rb1+ 64. Ke2 Bb4 65. Kd3 Rb3+ 66. Ke2 Rb1 67. Ne3 f5 68. Re5 Rb2+ 69. Kd3 Rf2 70. d5 Bd6 71. Re6 Bb8 72. d6 Rxh2 73. d7 Bc7 74. Rc6 Ba5 75. Rc5 Rd2+ 76. Kc4 Bb6 77. Rxf5+ Kg6 78. Rf4 Bxe3 0-1

[Event "RUS-chT U20"]
[Site "Rybinsk"]
[Date "2010.08.08"]
[Round "7"]
[White "Trubitsyna, Yulia"]
[Black "Tskhadadze, Anna"]
[Result "1-0"]
[WhiteElo "2067"]
[BlackElo "1849"]
[PlyCount "127"]
[EventDate "2010.08.02"]
[EventType "team-swiss"]
[EventRounds "9"]
[EventCountry "RUS"]
[SourceTitle "EXT 2011"]
[Source "ChessBase"]
[SourceDate "2010.11.26"]
[SourceVersion "1"]
[SourceVersionDate "2010.11.26"]
[SourceQuality "1"]

1. Nf3 d5 2. g3 Nf6 3. Bg2 c6 4. 0-0 Bf5 5. d3 h6 6. b3 e6 7. Bb2 Be7 8. Nbd2 0-0 9. c4 Nbd7 10. Re1 Bh7 11. a3 Bd6 12. b4 Qe7 13. e4 dxe4 14. dxe4 e5 15. c5 Bc7 16. Nh4 Rad8 17. Qe2 b6 18. cxb6 Nxb6 19. Rad1 Na4 20. Ba1 Bb6 21. Nf5 Bxf5 22. exf5 Bd4 23. Bxd4 Rxd4 24. Nb1 Rfd8 25. Bxc6 Rxd1 26. Rxd1 Rxd1+ 27. Qxd1 Nb6 28. Qd3 Nh7 29. h4 Qc7 30. b5 Nf6 31. Nd2 Qc8 32. Nf1 Qf8 33. Ne3 Qc5 34. Kg2 e4 35. Qd8+ Kh7 36. Qc7 Qxa3 37. Qxf7 Qd3 38. Qa2 Nbd7 39. Qxa7 Ne5 40. Qa1 Nfg4 41. Qf1 Nxe3+ 42. fxe3 Qxe3 43. f6 Qd2+ 44. Kh3 gxf6 45. Qxf6 Qd4 46. Qf5+ Kg7 47. Bxe4 Qd6 48. b6 Nd7 49. b7 Nb8 50. Qd5 Qf6 51. Qf5 Qd6 52. Qh7+ Kf8 53. Qg6 Qd7+ 54. Qf5+ Qxf5+ 55. Bxf5 Kg7 56. Kg4 Nc6 57. Kf4 Kf6 58. Bd3 Nb8 59. Bb5 Ke6 60. Kg4 Kf6 61. Kf4 Ke6 62. Ke4 Kf6 63. Kd5 Ke7 64. Ke5 1-0

[Event "Zudov Memorial-B 6th"]
[Site "Nizhnij Tagil"]
[Date "2010.06.29"]
[Round "4"]
[White "Suslova, Alena"]
[Black "Trubitsyna, Yulia"]
[Result "0-1"]
[WhiteElo "2220"]
[BlackElo "2067"]
[PlyCount "90"]
[EventDate "2010.06.25"]
[EventType "tourn"]
[EventRounds "9"]
[EventCountry "RUS"]
[SourceTitle "EXT 2011"]
[Source "ChessBase"]
[SourceDate "2010.11.26"]
[SourceVersion "1"]
[SourceVersionDate "2010.11.26"]
[SourceQuality "1"]

1. c4 g6 2. Nc3 Bg7 3. g3 d6 4. Bg2 Nf6 5. e4 c5 6. Nge2 0-0 7. 0-0 Ne8 8. d4 cxd4 9. Nxd4 Nc7 10. Be3 Nc6 11. Nxc6 bxc6 12. e5 Bxe5 13. Bxc6 Bh3 14. Re1 Rb8 15. Qd2 Ne6 16. f4 Bg7 17. b3 Rc8 18. Bf3 h5 19. Rac1 Qd7 20. Nd5 Rfe8 21. Bf2 Bf8 22. Rcd1 Bg7 23. Qa5 Nc5 24. b4 Ne6 25. c5 Bg4 26. Bxg4 hxg4 27. cxd6 exd6 28. Qa6 Rc2 29. a4 Rec8 30. a5 Kh7 31. Qxa7 Qe8 32. Qe3 Qb5 33. Qd3 Qa4 34. Nb6 Qa2 35. Rf1 R8c3 36. Qd5 Qa3 37. Qxd6 Rf3 38. Rd2 Qa2 39. Rxc2 Qxc2 40. Qd1 Rxf2 41. Qxc2 Rxc2 42. f5 Ng5 43. fxg6+ Kxg6 44. Rd1 Bd4+ 45. Kf1 Rf2+ 0-1

[Event "Zudov Memorial-B 6th"]
[Site "Nizhnij Tagil"]
[Date "2010.06.28"]
[Round "3"]
[White "Sufiev, Rinat"]
[Black "Trubitsyna, Yulia"]
[Result "1-0"]
[WhiteElo "2200"]
[BlackElo "2067"]
[PlyCount "90"]
[EventDate "2010.06.25"]
[EventType "tourn"]
[EventRounds "9"]
[EventCountry "RUS"]
[SourceTitle "EXT 2011"]
[Source "ChessBase"]
[SourceDate "2010.11.26"]
[SourceVersion "1"]
[SourceVersionDate "2010.11.26"]
[SourceQuality "1"]

1. Nf3 g6 2. c4 Bg7 3. g3 e5 4. Nc3 Ne7 5. Bg2 0-0 6. d4 exd4 7. Nxd4 Nbc6 8. Nc2 Nf5 9. 0-0 Nfd4 10. Nxd4 Nxd4 11. Be3 Nf5 12. Bf4 h6 13. e4 Ne7 14. c5 Nc6 15. Nd5 Ne5 16. Qd2 Kh7 17. Rac1 a5 18. Rfd1 a4 19. Bxe5 Bxe5 20. f4 Bg7 21. e5 Ra7 22. Qf2 Ra5 23. Nb4 Rb5 24. a3 b6 25. cxb6 Rxb6 26. Qc2 c6 27. Qxa4 Qe7 28. Qa5 Rb7 29. Kh1 h5 30. h4 Qe6 31. Qc5 Rb5 32. Qf2 Bb7 33. Kh2 Qe7 34. Bh3 Rd8 35. Rd6 Qe8 36. Rcd1 c5 37. Nd5 Bxd5 38. R1xd5 Rb7 39. Rd2 Bf8 40. R6d5 Be7 41. f5 Bf8 42. e6 d6 43. exf7 Qa4 44. fxg6+ Kg7 45. Rxh5 Qe4 1-0

[Event "Verkhnya Salda-ch op"]
[Site "Verkhnya Salda"]
[Date "2009.10.22"]
[Round "1"]
[White "Okulov, Alexander"]
[Black "Trubitsyna, Yulia"]
[Result "0-1"]
[WhiteElo "2206"]
[BlackElo "1996"]
[PlyCount "48"]
[EventDate "2009.10.22"]
[EventType "swiss"]
[EventRounds "9"]
[EventCountry "RUS"]
[SourceTitle "EXT 2022"]
[Source "ChessBase"]
[SourceDate "2021.10.06"]
[SourceVersion "1"]
[SourceVersionDate "2021.10.06"]
[SourceQuality "1"]

1. e4 d6 2. d4 g6 3. Nc3 Nf6 4. Be3 c6 5. Be2 Nbd7 6. Qd2 b5 7. a3 Qa5 8. b4 Qc7 9. f3 a5 10. bxa5 Rxa5 11. Qc1 Bg7 12. Bh6 Bxh6 13. Qxh6 b4 14. Nb1 bxa3 15. Qd2 Qa7 16. Qc3 a2 17. Nd2 Bb7 18. g4 0-0 19. h4 Ra4 20. Nb3 e5 21. dxe5 Nxe5 22. h5 Ba6 23. hxg6 fxg6 24. Bd1 Nxe4 0-1

[Event "RUS-chT Clubs U18"]
[Site "Rybinsk"]
[Date "2009.08.10"]
[Round "9"]
[White "Trubitsyna, Yulia"]
[Black "Pischurina, Ekaterina"]
[Result "1/2-1/2"]
[WhiteElo "1974"]
[BlackElo "2008"]
[PlyCount "75"]
[EventDate "2009.08.02"]
[EventType "team-swiss"]
[EventRounds "9"]
[EventCountry "RUS"]
[SourceTitle "CBM 131 Extra"]
[Source "ChessBase"]
[SourceDate "2009.09.03"]
[SourceVersion "2"]
[SourceVersionDate "2009.09.16"]
[SourceQuality "1"]

1. g3 g6 2. Bg2 Bg7 3. Nf3 c5 4. 0-0 e6 5. d3 Ne7 6. c4 0-0 7. Nc3 Nbc6 8. Rb1 d5 9. cxd5 exd5 10. a3 b6 11. e3 a5 12. Ne2 Ba6 13. Re1 Rb8 14. Nf4 b5 15. d4 c4 16. b4 cxb3 17. Rxb3 b4 18. Rb1 Qb6 19. Nd3 Bxd3 20. Qxd3 b3 21. a4 Qb4 22. Nd2 Qxa4 23. Nxb3 Nb4 24. Qd2 Rfc8 25. Nc5 Qc2 26. Qxc2 Nxc2 27. Rxb8 Rxb8 28. Rf1 Nb4 29. Bd2 Nec6 30. Rb1 Ra8 31. Na4 Bf8 32. Nb6 Rd8 33. Ra1 Rd6 34. Nc8 Rd8 35. Nb6 Rd6 36. Nc8 Rd8 37. Nb6 Rd6 38. Nc8 1/2-1/2

[Event "RUS-chT Clubs U18"]
[Site "Rybinsk"]
[Date "2009.08.08"]
[Round "7"]
[White "Trubitsyna, Yulia"]
[Black "Matyukhina, Maria"]
[Result "1-0"]
[WhiteElo "1974"]
[BlackElo "1586"]
[PlyCount "105"]
[EventDate "2009.08.02"]
[EventType "team-swiss"]
[EventRounds "9"]
[EventCountry "RUS"]
[SourceTitle "CBM 131 Extra"]
[Source "ChessBase"]
[SourceDate "2009.09.03"]
[SourceVersion "2"]
[SourceVersionDate "2009.09.16"]
[SourceQuality "1"]

1. g3 d5 2. Bg2 Nf6 3. Nf3 Bf5 4. 0-0 h6 5. d3 e6 6. c4 c6 7. b3 Be7 8. Bb2 0-0 9. Nbd2 Nbd7 10. Ne5 Bh7 11. Ndf3 a5 12. a3 c5 13. cxd5 exd5 14. e3 Rc8 15. Rc1 Rc7 16. Qd2 b6 17. Bh3 Bd6 18. Bc3 Qe7 19. Nxd7 Nxd7 20. Rfd1 Ne5 21. Nxe5 Bxe5 22. d4 cxd4 23. Bxd4 Rxc1 24. Qxc1 Bxd4 25. Rxd4 Be4 26. Bg2 Qe6 27. Qd1 Re8 28. Bxe4 dxe4 29. Rd6 Qe7 30. Qd5 Kf8 31. Rxb6 Qxa3 32. Rb7 Qa1+ 33. Kg2 Qf6 34. Qh5 Kg8 35. Rb5 Rf8 36. Rf5 Qe6 37. Rxa5 Qxb3 38. Qf5 Re8 39. h4 Qe6 40. Qf4 Rc8 41. Re5 Qg6 42. Rxe4 Qc6 43. Qf3 Qd7 44. Rd4 Qc6 45. Rd8+ Kh7 46. Rxc8 Qxc8 47. Qxf7 Qc2 48. Qf3 Qb1 49. e4 Qc2 50. e5 Qb1 51. e6 Qb2 52. Qe4+ Kg8 53. e7 1-0

[Event "RUS-chT Clubs U18"]
[Site "Rybinsk"]
[Date "2009.08.05"]
[Round "4"]
[White "Trubitsyna, Yulia"]
[Black "Markelova, Lubov"]
[Result "1-0"]
[WhiteElo "1974"]
[BlackElo "2010"]
[PlyCount "87"]
[EventDate "2009.08.02"]
[EventType "team-swiss"]
[EventRounds "9"]
[EventCountry "RUS"]
[SourceTitle "CBM 131 Extra"]
[Source "ChessBase"]
[SourceDate "2009.09.03"]
[SourceVersion "2"]
[SourceVersionDate "2009.09.16"]
[SourceQuality "1"]

1. g3 Nf6 2. Bg2 c5 3. d3 Nc6 4. Nf3 g6 5. 0-0 Bg7 6. c4 0-0 7. Nc3 d6 8. Rb1 Rb8 9. a3 a6 10. Nd2 Bg4 11. h3 Bd7 12. b4 cxb4 13. axb4 Qc8 14. Kh2 b5 15. cxb5 axb5 16. Nde4 Nxe4 17. Nxe4 Nd4 18. Bb2 f5 19. e3 fxe4 20. Bxd4 e5 21. Bb2 Be6 22. Rc1 Qd7 23. Bxe4 d5 24. Bg2 Rf5 25. Kg1 Rf7 26. h4 Rbf8 27. Qc2 Bh3 28. Qc6 Bxg2 29. Qxd7 Rxd7 30. Kxg2 Ra8 31. Rc2 Ra4 32. Bc3 Ra3 33. Ra1 Rb3 34. Rd1 Rc7 35. Rdc1 d4 36. exd4 exd4 37. Bd2 Rf7 38. Rc8+ Bf8 39. Bh6 Rxb4 40. R1c7 Rf5 41. g4 Rf6 42. Rg7+ Kh8 43. Rd7 Kg8 44. Rdd8 1-0

[Event "Zudov Memorial-B 5th"]
[Site "Nizhnij Tagil"]
[Date "2009.06.26"]
[Round "8"]
[White "Baraeva, Marina"]
[Black "Trubitsyna, Yulia"]
[Result "1/2-1/2"]
[WhiteElo "1967"]
[BlackElo "1934"]
[PlyCount "66"]
[EventDate "2009.06.19"]
[EventType "tourn"]
[EventRounds "10"]
[EventCountry "RUS"]
[SourceTitle "EXT 2021"]
[Source "ChessBase"]
[SourceDate "2020.10.23"]
[SourceVersion "1"]
[SourceVersionDate "2020.10.23"]
[SourceQuality "1"]

1. d4 Nf6 2. c4 g6 3. Nc3 Bg7 4. e4 d6 5. Be2 0-0 6. Nf3 e5 7. Be3 exd4 8. Nxd4 Re8 9. f3 c6 10. Qd2 d5 11. exd5 cxd5 12. 0-0 Nc6 13. Rad1 dxc4 14. Nxc6 Qxd2 15. Bxd2 bxc6 16. Bxc4 Be6 17. Ba6 Rab8 18. b3 Nd5 19. Nxd5 Bxd5 20. Rc1 Bd4+ 21. Kh1 Re6 22. Bf4 Rbe8 23. h3 Kg7 24. Bc4 Bb6 25. a4 Be3 26. Bxe3 Rxe3 27. b4 Ra3 28. a5 Rb8 29. Bxd5 cxd5 30. Rfd1 Rxb4 31. Rxd5 Rba4 32. Rc7 Rxa5 33. Rdd7 Rf5 1/2-1/2

[Event "RUS-ch U16 Girls"]
[Site "Dagomys"]
[Date "2009.04.23"]
[Round "9"]
[White "Bezgodova, Maria"]
[Black "Trubitsyna, Yulia"]
[Result "1-0"]
[WhiteElo "2100"]
[BlackElo "1934"]
[PlyCount "103"]
[EventDate "2009.04.15"]
[EventType "swiss"]
[EventRounds "9"]
[EventCountry "RUS"]
[SourceTitle "CBM 130 Extra"]
[Source "ChessBase"]
[SourceDate "2009.07.02"]
[SourceVersion "2"]
[SourceVersionDate "2009.07.15"]
[SourceQuality "1"]

1. e4 d6 2. d4 Nf6 3. Nc3 g6 4. Nf3 Bg7 5. Be2 0-0 6. 0-0 c6 7. h3 Qc7 8. Be3 e5 9. a4 Nbd7 10. Qd2 Re8 11. dxe5 dxe5 12. Rad1 Bf8 13. Bc4 Nb6 14. Bb3 Be6 15. Bg5 Nbd7 16. Bxe6 Rxe6 17. Qe2 h6 18. Be3 Ree8 19. Nd2 Nh5 20. Nc4 Nc5 21. b3 Nf4 22. Qf3 Nce6 23. h4 Bb4 24. Ne2 Nxe2+ 25. Qxe2 Kh7 26. Qf3 Kg7 27. a5 h5 28. g3 Be7 29. Rd3 Bf6 30. Bh6+ Kxh6 31. Qxf6 Nc5 32. Nd6 Kh7 33. Nxe8 Rxe8 34. Re3 Re6 35. Qf3 Kg7 36. b4 Rf6 37. Qg2 Ne6 38. Rf3 Qe7 39. c3 Rxf3 40. Qxf3 c5 41. b5 Qd8 42. Rd1 Qe8 43. Qd3 Nf8 44. Qd5 Qxb5 45. Qxe5+ Kh6 46. Rd8 Nh7 47. Rg8 f6 48. Qf4+ g5 49. hxg5+ fxg5 50. Qd6+ Nf6 51. Qxf6+ Kh7 52. Qg6# 1-0

[Event "RUS-ch U16 Girls"]
[Site "Dagomys"]
[Date "2009.04.19"]
[Round "5"]
[White "Trubitsyna, Yulia"]
[Black "Bukhteeva, Viktoria"]
[Result "1-0"]
[WhiteElo "1934"]
[BlackElo "2160"]
[PlyCount "65"]
[EventDate "2009.04.15"]
[EventType "swiss"]
[EventRounds "9"]
[EventCountry "RUS"]
[SourceTitle "CBM 130 Extra"]
[Source "ChessBase"]
[SourceDate "2009.07.02"]
[SourceVersion "2"]
[SourceVersionDate "2009.07.15"]
[SourceQuality "1"]

1. Nf3 g6 2. g3 Bg7 3. Bg2 e5 4. d3 d6 5. 0-0 Ne7 6. c4 0-0 7. Nc3 Nbc6 8. Rb1 f5 9. Nd2 a5 10. a3 Nd4 11. e3 Ne6 12. b4 c6 13. b5 Kh8 14. a4 f4 15. exf4 exf4 16. Bb2 Nd4 17. Ne2 c5 18. Bxd4 cxd4 19. Nxf4 Be5 20. Nd5 Bf5 21. Nxe7 Qxe7 22. Ne4 Qd7 23. Rc1 b6 24. Qd2 Rac8 25. Rfe1 Bg7 26. Ng5 h6 27. Bc6 Rxc6 28. bxc6 Qxc6 29. Ne4 Rd8 30. Rb1 d5 31. cxd5 Rxd5 32. Rec1 Qxa4 33. Rxb6 1-0

[Event "Wch U16 Girls"]
[Site "Vung Tau"]
[Date "2008.10.30"]
[Round "11"]
[White "Hejazipour, Mitra"]
[Black "Trubitsyna, Yulia"]
[Result "0-1"]
[WhiteElo "2139"]
[BlackElo "1908"]
[PlyCount "90"]
[EventDate "2008.10.20"]
[EventType "swiss"]
[EventRounds "11"]
[EventCountry "VIE"]
[SourceTitle "EXT 2009"]
[Source "ChessBase"]
[SourceDate "2008.11.26"]
[SourceVersion "1"]
[SourceVersionDate "2008.11.26"]
[SourceQuality "1"]

1. d4 Nf6 2. c4 g6 3. Nc3 Bg7 4. e4 d6 5. Nf3 0-0 6. Be2 e5 7. 0-0 Nc6 8. d5 Ne7 9. Nd2 Nd7 10. Rb1 f5 11. b4 f4 12. f3 g5 13. Nb3 Ng6 14. c5 Nf6 15. Bd2 Rf7 16. cxd6 cxd6 17. Be1 h5 18. Bf2 g4 19. Kh1 Bf8 20. Nb5 a6 21. Na7 g3 22. Bg1 gxh2 23. Bf2 Bd7 24. Na5 Qb8 25. b5 axb5 26. Bxb5 Rxa7 27. Bxd7 Rxa5 28. Be6 Kg7 29. Bxf7 Kxf7 30. Rb4 Be7 31. Qb3 Qa8 32. a4 h4 33. Kxh2 Nh5 34. Ra1 h3 35. gxh3 Bh4 36. Rxb7+ Kf6 37. Bxh4+ Nxh4 38. Rb6 Ra6 39. Qb4 Nxf3+ 40. Kh1 Ng3+ 41. Kg2 Nh4+ 42. Kh2 Rxb6 43. Qxb6 Nxe4 44. Ra3 Qg8 45. Qb2 f3 0-1

[Event "Wch U16 Girls"]
[Site "Vung Tau"]
[Date "2008.10.24"]
[Round "6"]
[White "Trubitsyna, Yulia"]
[Black "Arig, Busra"]
[Result "1/2-1/2"]
[WhiteElo "1908"]
[BlackElo "1769"]
[PlyCount "50"]
[EventDate "2008.10.20"]
[EventType "swiss"]
[EventRounds "11"]
[EventCountry "VIE"]
[SourceTitle "EXT 2009"]
[Source "ChessBase"]
[SourceDate "2008.11.26"]
[SourceVersion "1"]
[SourceVersionDate "2008.11.26"]
[SourceQuality "1"]

1. Nf3 d5 2. g3 Nf6 3. Bg2 c6 4. 0-0 Bg4 5. d3 Nbd7 6. Nbd2 e5 7. e4 Bd6 8. c3 0-0 9. Qc2 Re8 10. Re1 Qc7 11. h3 Bh5 12. Nh4 Bf8 13. Nf5 a5 14. Nf1 dxe4 15. dxe4 Nc5 16. Bg5 Nfd7 17. Nd2 Ne6 18. Be3 b5 19. Bf3 Bxf3 20. Nxf3 h6 21. Rad1 Rad8 22. Rd2 Ndc5 23. Red1 Rxd2 24. Rxd2 Rd8 25. Rxd8 Nxd8 1/2-1/2